KOHA-Header-6

Theories of Counselling and Psychotherapy (Record no. 12557)

000 -LEADER
fixed length control field 00275nam a22001217a 4500
020 ## - INTERNATIONAL STANDARD BOOK NUMBER
ISBN 9788120349094
082 ## - DEWEY DECIMAL CLASSIFICATION NUMBER
Classification number 150
100 ## - MAIN ENTRY--AUTHOR NAME
Personal name Seligman, Linda
245 ## - TITLE STATEMENT
Title Theories of Counselling and Psychotherapy
250 ## - EDITION STATEMENT
Edition statement 4th edition
260 ## - PUBLICATION, DISTRIBUTION, ETC. (IMPRINT)
Place of publication India
Name of publisher PHI
Year of publication 2014
942 ## - ADDED ENTRY ELEMENTS (KOHA)
Koha item type Books
Holdings
Withdrawn status Lost status Collection code Permanent Location Current Location Shelving location Date acquired Full call number Accession Number Koha item type
    Psychology MAJU MAJU Shelf No.B35 2020-09-24 150 9710 Psychology

Powered by Koha